000 00770pam a2200241 a 4500
001 1669822
005 20180822035542.0
008 980303s1998 nyua b 001 0 eng c
010 _a 98015924
020 _a0195128753 (hardback)
040 _aDNLM/DLC
_cDLC
_dDLC
041 _aeng
060 1 0 _aW1 CO769N v.52 1999
_aWL 200 W425s 1999
080 _a616.81
082 0 0 _a616.81
_221
100 1 _a7
101 _aNNEU
245 1 0 _aSubarachnoid hemorrhage :
_cBryce Weir.
504 _aIncludes bibliographical references and index.
906 _a7
_bcbc
_corignew
_d1
_eocip
_f19
_gy-gencatlg
942 _2ddc
_cBK
999 _c47240
_d47240